[Event "Icelandic Open 2019"]
[Site "Akureyri"]
[Date "2019.05.29"]
[Round "6.11"]
[White "Pupols, Viktors"]
[Black "Ptacnikova, Lenka"]
[Result "1/2-1/2"]
[WhiteElo "2023"]
[BlackElo "2145"]
[Annotator "TA"]
[PlyCount "88"]
[EventDate "2019.05.25"]
[EventType "swiss"]
[EventCountry "ISL"]
[SourceTitle "playchess.com"]
[Source "ChessBase"]
[SourceQuality "1"]

{[%evp 13,88,0,1,-18,4,7,7,0,14,9,34,36,42,43,44,29,27,31,125,110,138,146,140,106,135,106,210,210,256,256,368,350,324,19,21,19,11,15,10,-27,730,714,703,702,5235,5235,5235,5235,5211,4910,1823,2062,2062,1775,29993,1339,29994,1265,4810,4806,1534,1252,29992,475,1693,1114,862,735,706,696,29991,29992,29992,0,0,0,29992]} 1. d4 Nf6 2. c4 e6 3. Nc3 Bb4 4. Bd2 O-O 5. Nf3 d5 6. e3 b6 7. cxd5 exd5 8. Qc2 {E51: Nimzo-Indian: Rubinstein: 4...0-0 5 Nf3 d5} (8. Rc1 Bb7 9. Bd3 Be7 10. O-O c5 11. dxc5 bxc5 12. Na4 Nbd7 13. Bc3 Ne4 14. Bxe4 dxe4 15. Ne5 Nxe5 16. Bxe5 Qxd1 17. Rfxd1 {½-½ (30) Wang,Y (2690)-Cheparinov,I (2702) China 2018}) 8... a6 9. Bd3 Bb7 10. O-O Nbd7 11. Ne5 Bd6 12. f4 c5 13. Be1 Be7 {[#]} 14. Bf5 $146 ({Predecessor:} 14. Rf3 b5 15. Rh3 h6 16. Bf5 b4 17. Ne2 c4 18. g4 Nxe5 19. dxe5 {1-0 (40) Hawkins,J (2511)-Cobb,J (2424) Leeds 2013}) 14... g6 15. Bh3 Nxe5 ({Black should try} 15... b5 $14) 16. dxe5 $16 Ne8 {[#]} 17. Rd1 $1 Nc7 18. f5 {f6 is the strong threat.} Bg5 19. Ne4 Bxe3+ (19... dxe4 $16 20. Rxd8 Raxd8) 20. Bf2 $18 Bxf2+ 21. Qxf2 Ne8 (21... d4 $142) 22. fxg6 hxg6 {...d4 would now be nice for Black.} 23. Nf6+ $2 ({White should play} 23. Qf4 $18 Kg7 24. Ng5) 23... Nxf6 $11 24. exf6 Re8 $1 25. Qh4 Re4 $1 {[%cal Re4h4]} 26. Qg5 {Threatens to win with Bf5.} (26. Bg4 $5 {[%cal Rd1d3]} d4 27. Qh6 $11) 26... Qf8 $2 {[%mdl 8192]} (26... d4 $11 27. Bg4 Re3) 27. Bf5 $1 $18 {[%cal Rf5g6] Strongly threatening Bxg6!} Re5 28. Rd3 {Qh4 would kill now.} d4 29. Rh3 Re2 {[#]} 30. Bxg6 $1 {[%mdl 512] Threatening mate with Bf5+.} Rxg2+ (30... fxg6 31. Qxg6+) 31. Qxg2 Bxg2 32. Bh7+ Kh8 33. Kxg2 Qe8 34. Be4+ Kg8 35. Rf4 (35. Kf3 $142 Qxe4+ 36. Kxe4 Re8+ 37. Kf5 Re5+ 38. Kxe5 c4 39. Rg1+ Kf8 40. Rh8#) 35... Qe6 36. Bxa8 Qe2+ 37. Rf2 Qe5 38. Rhf3 (38. Kf1 $142 Qg5 {[#]} 39. Rg2 $1 {[%mdl 512]} Qxg2+ 40. Bxg2 c4 41. Be4 d3 42. Rh5 d2 43. Rd5 d1=Q+ 44. Rxd1 Kh8 45. Rd8#) 38... c4 (38... Qe6 $142 39. Rg3+ Kf8) 39. Rf5 Qe3 40. R2f3 Qe2+ 41. Kh3 {White wants to mate with Rh5.} d3 42. Rh5 Qe6+ 43. Kg2 $2 (43. Kh4 {mates} Qe1+ 44. Rg3+ Qxg3+ 45. hxg3 d2 46. Rd5 d1=Q 47. Rxd1 Kh7 48. Kg5 Kh8 49. Be4 Kg8 50. Rd8#) 43... Qe2+ $11 44. Kh3 Qe6+ {[%mdl 32768] Accuracy: White = 60%, Black = 33%. . An unexpected result.} 1/2-1/2

[Event "Icelandic Open 2019"]
[Site "Akureyri"]
[Date "2019.05.29"]
[Round "6.12"]
[White "Sigurdsson, Snorri Thor"]
[Black "Pinto, Mark"]
[Result "1/2-1/2"]
[WhiteElo "1965"]
[BlackElo "2082"]
[Annotator "NA"]
[PlyCount "164"]
[EventDate "2019.05.25"]
[EventType "swiss"]
[EventCountry "ISL"]
[SourceTitle "playchess.com"]
[Source "ChessBase"]
[SourceQuality "1"]
[TimeControl "40/5400+30:1800+30"]

1. d4 {[%emt 0:00:00]} d5 {[%emt 0:00:00]} 2. Bf4 {[%emt 0:00:00]} Nf6 {[%emt 0:00:22]} 3. e3 {[%emt 0:00:00]} c5 {[%emt 0:00:12]} 4. dxc5 {[%emt 0:03:30]} (4. c3 Nc6 5. Nd2 Qb6 6. Qb3 Nh5 7. Qxb6 axb6 8. Bc7 cxd4 9. exd4 e5 10. Bxe5 Nxe5 11. dxe5 Bc5 12. g3 O-O {1-0 (76) Aronian,L (2765)-Caruana,F (2832) London 2018}) 4... Qa5+ {[%emt 0:01:47]} 5. Nc3 {[%emt 0:04:55]} Qxc5 {[%emt 0:00:13]} 6. Nb5 {[%emt 0:04:05] D00: 1 d4 d5: Unusual lines} Na6 {[%emt 0:00:09]} 7. Be5 {[%emt 0:00:52]} Bd7 $146 {[%emt 0:08:57]} ({Predecessor:} 7... Bf5 8. c3 Nd7 9. Bd4 Qc8 10. Nf3 Nac5 11. Bxc5 Qxc5 12. Qxd5 Qxd5 {½-½ (54) Vlassow,V (2281)-Hakobyan,R (2043) Sochi 2018}) 8. Bd4 {[%emt 0:02:25]} Qc8 {[%emt 0:00:05]} 9. Nxa7 {[%emt 0:02:01]} Qb8 {[%emt 0:00:12]} 10. Nb5 {[%emt 0:00:18]} e5 {[%emt 0:00:08]} 11. Bc3 {[%emt 0:02:42]} Nb4 {[%emt 0:02:20]} 12. a4 {[%emt 0:02:10]} Bc5 {[%emt 0:01:08]} 13. Nf3 {[%emt 0:05:22]} Nc6 {[%emt 0:00:05]} 14. Be2 {[%emt 0:03:11]} O-O {[%emt 0:00:10]} 15. O-O {[%emt 0:00:15]} Rd8 {[%emt 0:01:09]} 16. b3 {[%emt 0:08:26]} Bg4 {[%emt 0:01:01]} 17. h3 {[%emt 0:03:04]} Bh5 {[%emt 0:04:35]} 18. Nh4 {[%emt 0:02:04]} Bxe2 {[%emt 0:01:59]} 19. Qxe2 {[%emt 0:00:02]} Qc8 {[%emt 0:00:29]} 20. Nf3 {[%emt 0:00:38]} Qf5 {[%emt 0:01:14]} 21. Rfd1 {[%emt 0:00:29]} Rac8 {[%emt 0:00:13]} 22. Bb2 {[%emt 0:02:55]} Re8 {[%emt 0:01:47]} 23. Rac1 {[%emt 0:10:45]} d4 {[%emt 0:03:41]} 24. exd4 {[%emt 0:01:26]} exd4 {[%emt 0:00:09]} 25. Qd3 {[%emt 0:00:25]} Ne4 {[%emt 0:01:02]} 26. Nbxd4 {[%emt 0:06:48]} Nxd4 {[%emt 0:00:52]} 27. Bxd4 {[%emt 0:00:34]} Rcd8 {[%emt 0:00:14]} 28. c3 {[%emt 0:01:17]} Bd6 {[%emt 0:01:10]} 29. Re1 {[%emt 0:02:29]} Bf4 {[%emt 0:06:09]} 30. Rc2 {[%emt 0:00:27]} Re6 {[%emt 0:04:12]} 31. Rce2 {[%emt 0:05:00]} Rde8 {[%emt 0:00:14]} 32. b4 {[%emt 0:04:51]} h5 {[%emt 0:02:57]} 33. h4 {[%emt 0:08:49]} Qg6 {[%emt 0:01:31]} 34. Be3 {[%emt 0:05:49]} Bb8 {[%emt 0:02:27]} 35. Nd4 {[%emt 0:00:23]} R6e7 {[%emt 0:02:05]} 36. Qc2 {[%emt 0:06:03]} Qd6 {[%emt 0:04:37]} 37. Nf3 {[%emt 0:00:54]} Re6 {[%emt 0:01:14]} 38. Bc1 {[%emt 0:02:03]} f5 {[%emt 0:00:40]} 39. g3 {[%emt 0:00:55]} Qb6 {[%emt 0:05:48]} 40. Kg2 {[%emt 0:00:00]} Rc8 {[%emt 0:00:00]} 41. Rxe4 {[%emt 0:10:20]} fxe4 {[%emt 0:04:24]} 42. Rxe4 {[%emt 0:00:16]} (42. Ng5 $18 Re7 43. Qd1 (43. Rxe4 Rxe4 44. Nxe4 Qg6 $18)) 42... Rf6 {[%emt 0:03:48]} 43. Be3 {[%emt 0:03:13]} Qc6 {[%emt 0:02:02]} 44. Bd4 {[%emt 0:03:54]} Rff8 {[%emt 0:03:31]} (44... Rf5 $142 45. Qa2+ Qc4 46. Re8+ Rf8 47. Rxf8+ Kxf8) 45. Ng5 {[%emt 0:00:00]} Rce8 {[%emt 0:01:34]} 46. Kg1 {[%emt 0:00:00]} Rxe4 {[%emt 0:01:56]} 47. Qxe4 {[%emt 0:00:00]} Qxe4 {[%emt 0:00:18]} 48. Nxe4 {[%emt 0:00:00]} Re8 {[%emt 0:00:58]} 49. Nc5 {[%emt 0:00:00]} Re7 {[%emt 0:00:45]} 50. a5 {[%emt 0:00:00]} Ba7 {[%emt 0:00:49]} 51. Kg2 {[%emt 0:00:17]} Kf7 {[%emt 0:00:36]} 52. Kf3 {[%emt 0:00:14]} Bxc5 {[%emt 0:00:18]} 53. Bxc5 {[%emt 0:00:03]} Re1 {[%emt 0:00:22]} 54. Be3 {[%emt 0:00:21]} Ke6 {[%emt 0:01:29]} 55. Kf4 {[%emt 0:01:28]} g6 {[%emt 0:00:15]} 56. Ke4 {[%emt 0:01:19]} Rd1 {[%emt 0:00:14]} 57. c4 {[%emt 0:01:17]} Rb1 {[%emt 0:01:41]} 58. b5 {[%emt 0:00:15]} Rb4 $2 {[%emt 0:02:13] [#]} (58... Ra1) 59. Kd3 $2 {[%emt 0:04:29]} (59. Kd4 $1 $18 {and the rest is easy.}) 59... Rb3+ $2 {[%emt 0:01:17]} (59... Kd6 {is a better chance.} 60. Bb6 Rb2) 60. Kc2 $2 {[%emt 0:00:27]} (60. Kd4 Kd6 61. Bf4+ Kd7 62. Kc5 (62. a6 bxa6 63. bxa6 Ra3 $11)) 60... Ra3 {[%emt 0:00:09]} 61. Bb6 {[%emt 0:00:11]} Kd6 {[%emt 0:01:47] [#]} 62. Kb2 $1 {[%emt 0:00:37]} Ra4 {[%emt 0:00:25]} 63. Kb3 {[%emt 0:00:02]} Ra1 {[%emt 0:00:07]} 64. Kc3 {[%emt 0:00:49]} Rc1+ {[%emt 0:01:39]} 65. Kd4 {[%emt 0:00:44]} Rd1+ {[%emt 0:00:15]} 66. Ke4 {[%emt 0:00:58]} Rb1 {[%emt 0:01:39]} 67. Kf4 {[%emt 0:00:27]} Ke6 {[%emt 0:00:19]} 68. Kg5 {[%emt 0:00:54]} Kf7 {[%emt 0:00:03]} 69. f3 {[%emt 0:01:39]} Rb4 {[%emt 0:00:09]} 70. g4 {[%emt 0:01:17]} Rxc4 {[%emt 0:00:38]} 71. a6 {[%emt 0:00:26]} bxa6 {[%emt 0:00:14]} 72. bxa6 {[%emt 0:00:02]} Ra4 {[%emt 0:04:07]} 73. a7 {[%emt 0:00:02]} hxg4 {[%emt 0:00:14]} 74. fxg4 {[%emt 0:00:19]} Kg7 {[%emt 0:00:37] [#]} 75. Bd4+ $1 {[%emt 0:01:12] Promotion} Kf7 {[%emt 0:02:43]} 76. Kh6 {[%emt 0:00:18]} Ra5 {[%emt 0:00:57]} 77. Kh7 {[%emt 0:00:31]} Ra6 {[%emt 0:00:35]} 78. g5 {[%emt 0:00:49]} Ra3 {[%emt 0:04:52] [#]} 79. Be3 $2 {[%emt 0:03:41]} (79. h5 $1 {[%mdl 512] mates} Rh3 (79... gxh5 80. g6+) 80. Bg7 (80. h6 Ra3 $11) 80... Ra3 81. hxg6+ Ke6 82. Bd4 Kd5 83. Bf2 Rh3+ 84. Kg8) 79... Ra4 {[%emt 0:02:17]} 80. Bf2 $11 {[%emt 0:00:30]} Ra3 {[%emt 0:02:05]} 81. Kh8 {[%emt 0:00:28]} Ra1 {[%emt 0:01:01]} 82. Kh7 {[%emt 0:00:11]} Ra3 {[%emt 0:00:04]} 1/2-1/2

[Event "Icelandic Open 2019"]
[Site "Akureyri"]
[Date "2019.05.29"]
[Round "6.13"]
[White "Barthel, Ansgar"]
[Black "Olafsson, Smari"]
[Result "1-0"]
[WhiteElo "2062"]
[BlackElo "1939"]
[Annotator "NA"]
[PlyCount "57"]
[EventDate "2019.05.25"]
[EventType "swiss"]
[EventCountry "ISL"]
[SourceTitle "playchess.com"]
[Source "ChessBase"]
[SourceQuality "1"]
[TimeControl "40/5400+30:1800+30"]

1. e4 {[%emt 0:00:00]} c5 {[%emt 0:00:00]} 2. Nf3 {[%emt 0:00:00]} Nc6 {[%emt 0:00:26]} 3. d4 {[%emt 0:00:00]} cxd4 {[%emt 0:00:05]} 4. Nxd4 {[%emt 0:00:00]} e5 {[%emt 0:01:02]} 5. Nb5 {[%emt 0:00:09]} a6 {[%emt 0:00:07]} 6. Nd6+ {[%emt 0:00:05]} Bxd6 {[%emt 0:00:07]} 7. Qxd6 {[%emt 0:00:06]} Qf6 {[%emt 0:00:08]} 8. Qxf6 {[%emt 0:00:28]} Nxf6 {[%emt 0:00:08]} 9. Nc3 {[%emt 0:00:05]} Nb4 {[%emt 0:01:05]} 10. Bd3 {[%emt 0:00:07]} d5 {[%emt 0:00:32]} 11. exd5 {[%emt 0:00:07]} Nxd3+ {[%emt 0:02:23] B32: Sicilian: Löwenthal and Kalashnikov Variations} 12. cxd3 {[%emt 0:00:06]} Bf5 {[%emt 0:00:13]} 13. O-O {[%emt 0:00:23]} (13. Bg5 Bxd3 14. O-O-O Bg6 15. f4 Nd7 16. fxe5 Nxe5 17. Rhe1 f6 18. Bf4 Kd7 19. Bxe5 fxe5 20. Rxe5 {½-½ (30) Al Qudaimi,B (2423)-Turov,M (2582) Dubai 2009}) 13... O-O-O {[%emt 0:30:43]} 14. Bg5 {[%emt 0:10:01]} Bxd3 {[%emt 0:01:32]} 15. Rfe1 {[%emt 0:08:49]} Rhe8 {[%emt 0:00:28]} 16. Re3 {[%emt 0:09:33]} Bg6 {[%emt 0:11:34]} 17. Rae1 $146 {[%emt 0:00:33]} ({Predecessor:} 17. Rc1 Kb8 18. Bxf6 gxf6 19. Rce1 {½-½ (36) Brinck Claussen,B (2380)-Hansen,M (2340) Tastrup 1992}) 17... Nxd5 {[%emt 0:20:16]} 18. Rxe5 {[%emt 0:00:38]} f6 {[%emt 0:00:09]} 19. Nxd5 {[%emt 0:26:42]} Rxd5 {[%emt 0:01:15]} 20. Rc1+ {[%emt 0:00:10]} Kb8 {[%emt 0:05:43]} 21. Rxd5 {[%emt 0:00:10]} fxg5 {[%emt 0:00:18]} 22. Rxg5 {[%emt 0:08:36]} Re2 {[%emt 0:00:11]} 23. h4 {[%emt 0:00:10]} Rxb2 {[%emt 0:01:08]} 24. h5 {[%emt 0:01:06]} Be4 {[%emt 0:00:42]} 25. f3 {[%emt 0:07:20]} Bd3 {[%emt 0:03:00]} 26. Rc3 {[%emt 0:04:06]} Bc2 {[%emt 0:02:45]} 27. a3 {[%emt 0:04:13]} g6 $18 {[%emt 0:03:38]} 28. h6 {[%emt 0:00:05]} Bb1 {[%emt 0:01:55]} 29. Re3 {[%emt 0:03:23]} 1-0

[Event "Icelandic Open 2019"]
[Site "Akureyri"]
[Date "2019.05.29"]
[Round "6.14"]
[White "Valtysson, Thor"]
[Black "Dietzsch, Herbert"]
[Result "1/2-1/2"]
[WhiteElo "1896"]
[BlackElo "2059"]
[Annotator "NA"]
[PlyCount "20"]
[EventDate "2019.05.25"]
[EventType "swiss"]
[EventCountry "ISL"]
[SourceTitle "playchess.com"]
[Source "ChessBase"]
[SourceQuality "1"]
[TimeControl "40/5400+30:1800+30"]

1. d4 {[%emt 0:00:00]} Nf6 {[%emt 0:00:00]} 2. Nf3 {[%emt 0:00:00]} e6 {[%emt 0:00:00]} 3. Bg5 {[%emt 0:00:41]} d5 {[%emt 0:00:00]} 4. e3 {[%emt 0:00:12]} Nbd7 {[%emt 0:00:45]} 5. Bd3 {[%emt 0:00:26]} Bd6 {[%emt 0:10:05]} 6. Nbd2 {[%emt 0:02:03]} O-O {[%emt 0:14:16]} 7. c3 {[%emt 0:03:54]} c6 {[%emt 0:04:37]} 8. Qe2 {[%emt 0:08:20]} c5 {[%emt 0:17:01]} 9. O-O {[%emt 0:04:43]} Re8 {[%emt 0:13:15]} 10. Rfe1 {[%emt 0:06:51]} cxd4 {[%emt 0:10:32]} 1/2-1/2

[Event "Icelandic Open 2019"]
[Site "Akureyri"]
[Date "2019.05.29"]
[Round "6.15"]
[White "Johannsdottir, Johanna Bjorg"]
[Black "Petursson, Gudni"]
[Result "0-1"]
[WhiteElo "1908"]
[BlackElo "2045"]
[Annotator "NA"]
[PlyCount "106"]
[EventDate "2019.05.25"]
[EventType "swiss"]
[EventCountry "ISL"]
[SourceTitle "playchess.com"]
[Source "ChessBase"]
[SourceQuality "1"]
[TimeControl "40/5400+30:1800+30"]

1. e4 {[%emt 0:00:00]} c6 {[%emt 0:00:00]} 2. d3 {[%emt 0:00:00]} d5 {[%emt 0:00:00]} 3. Nd2 {[%emt 0:00:00]} g6 {[%emt 0:00:37]} 4. Ngf3 {[%emt 0:00:00]} Bg7 {[%emt 0:00:13]} 5. g3 {[%emt 0:00:04]} Bg4 {[%emt 0:02:12]} 6. Bg2 {[%emt 0:00:24]} e6 {[%emt 0:00:11]} 7. O-O {[%emt 0:00:26]} Nf6 {[%emt 0:00:48]} 8. Re1 {[%emt 0:01:22]} O-O {[%emt 0:00:09]} 9. e5 {[%emt 0:00:35]} Nfd7 {[%emt 0:00:07]} 10. h3 {[%emt 0:00:10]} Bxf3 {[%emt 0:00:08]} 11. Nxf3 {[%emt 0:00:05]} c5 {[%emt 0:00:33]} 12. c3 {[%emt 0:01:01]} Nc6 {[%emt 0:00:07]} 13. Bf4 {[%emt 0:00:13]} Qb6 {[%emt 0:02:20]} 14. Qd2 {[%emt 0:02:13]} a5 {[%emt 0:02:07]} 15. Bh6 {[%emt 0:02:47]} a4 {[%emt 0:00:24]} 16. h4 {[%emt 0:01:23]} Qc7 {[%emt 0:00:55]} 17. Qg5 {[%emt 0:05:03]} Qd8 {[%emt 0:00:39]} 18. Qf4 {[%emt 0:01:21]} Qe7 {[%emt 0:03:27]} 19. Bxg7 {[%emt 0:10:31]} Kxg7 {[%emt 0:00:06]} 20. h5 {[%emt 0:00:08]} h6 {[%emt 0:01:41]} 21. Qg4 {[%emt 0:02:30]} g5 {[%emt 0:00:14]} 22. a3 {[%emt 0:00:15]} b5 {[%emt 0:02:27]} 23. d4 {[%emt 0:00:17]} cxd4 {[%emt 0:01:24]} 24. cxd4 {[%emt 0:00:06]} Na5 {[%emt 0:00:41]} 25. Rac1 {[%emt 0:02:42]} Rfc8 {[%emt 0:00:06]} 26. Bf1 {[%emt 0:02:55]} Nc4 {[%emt 0:00:15]} 27. Rb1 {[%emt 0:01:57]} Rc6 {[%emt 0:01:21]} 28. Bd3 {[%emt 0:00:13]} f5 {[%emt 0:02:23]} 29. Qh3 {[%emt 0:04:38]} g4 {[%emt 0:00:57]} 30. Qh4 {[%emt 0:00:04]} Qxh4 {[%emt 0:00:18]} 31. Nxh4 {[%emt 0:00:07]} Ndb6 {[%emt 0:01:30]} 32. Red1 {[%emt 0:02:14]} Kf7 {[%emt 0:02:08]} 33. Ng6 {[%emt 0:00:53]} Rb8 {[%emt 0:00:20]} 34. Kg2 {[%emt 0:00:44]} Nd7 {[%emt 0:00:17]} 35. Rdc1 {[%emt 0:02:15]} Rbb6 {[%emt 0:01:20]} 36. Rc3 {[%emt 0:01:30]} Nb8 {[%emt 0:02:21]} 37. Nf4 {[%emt 0:04:57]} b4 {[%emt 0:02:06]} 38. axb4 {[%emt 0:00:37]} Rxb4 {[%emt 0:00:05]} 39. Rbc1 {[%emt 0:08:55]} Na5 {[%emt 0:03:45]} 40. Rxc6 {[%emt 0:00:00]} Naxc6 {[%emt 0:00:00]} 41. Ra1 {[%emt 0:15:15]} Nxd4 {[%emt 0:01:25]} 42. Ng6 {[%emt 0:00:57]} Nbc6 {[%emt 0:00:54]} 43. Ra2 {[%emt 0:04:41]} Nf3 {[%emt 0:00:42]} 44. Kf1 {[%emt 0:01:35]} Nfxe5 {[%emt 0:01:26]} 45. Nxe5+ {[%emt 0:00:19]} Nxe5 {[%emt 0:00:06]} 46. Bc2 {[%emt 0:00:05]} Nc4 {[%emt 0:00:25]} 47. Bxa4 {[%emt 0:00:58]} Rxb2 {[%emt 0:00:35]} 48. Ra1 {[%emt 0:00:10]} Kf6 {[%emt 0:00:19]} 49. Be8 {[%emt 0:00:10]} Nd2+ {[%emt 0:00:28]} 50. Kg2 {[%emt 0:00:44]} Rb1 {[%emt 0:00:27]} 51. Ra7 {[%emt 0:00:25]} Nf3 {[%emt 0:00:18]} 52. Rf7+ {[%emt 0:00:30]} Ke5 {[%emt 0:00:08]} 53. Rxf5+ {[%emt 0:00:58]} exf5 {[%emt 0:00:08]} 0-1

[Event "Icelandic Open 2019"]
[Site "Akureyri"]
[Date "2019.05.30"]
[Round "7.1"]
[White "Steingrimsson, Hedinn"]
[Black "Sokolov, Ivan"]
[Result "1-0"]
[WhiteElo "2549"]
[BlackElo "2593"]
[Annotator "TA"]
[PlyCount "57"]
[EventDate "2019.05.25"]
[EventType "swiss"]
[EventCountry "ISL"]
[SourceTitle "playchess.com"]
[Source "ChessBase"]
[SourceQuality "1"]

{[%evp 12,57,20,22,29,29,41,36,50,38,38,41,43,3,37,23,22,0,76,76,82,75,78,66,70,30,33,25,51,51,38,42,59,56,58,48,70,0,18,12,212,154,284,277,360,315,710,708]} 1. Nf3 Nf6 2. c4 b6 3. g3 Bb7 4. Bg2 g6 5. d4 Bg7 6. O-O O-O 7. Qc2 c5 {A50: Queen's Fianchetto Defence (1 d4 Nf6 2 c4 b6)} (7... e6 8. Nc3 d5 9. Ne5 c6 10. Rd1 Nbd7 11. e4 dxe4 12. Nxe4 Nxe4 13. Bxe4 Qc7 14. Nxd7 Qxd7 15. Be3 {1-0 (47) Xiong,J (2672)-Mamedyarov,S (2817) chess.com INT 2019}) 8. d5 b5 9. e4 d6 {White is slightly better.} 10. cxb5 a6 $1 11. b6 Nbd7 12. a4 Qxb6 $146 ({Predecessor:} 12... a5 13. Rd1 Qxb6 14. Na3 Ba6 15. Bf1 {1-0 (32) Rozum,I (2589)-Deviatkin,A (2461) Chennai 2019}) 13. a5 Qc7 14. Nc3 c4 (14... Rab8 $11 {remains equal.}) 15. Ra4 $16 Ng4 16. Bf4 Rab8 17. Nd2 Nge5 18. h3 Bc8 19. Rb1 f5 20. Kh2 g5 21. Bxg5 {[#] And now f4 would win.} Nc5 22. Ra3 $1 fxe4 23. Ncxe4 Bf5 24. f4 ({Better is} 24. Be3 $14) 24... Ned3 $1 $11 {[%cal Rg7b2]} 25. Qxc4 Nxb2 $2 (25... Rb4 $11 {and Black has nothing to worry.} 26. Qc2 Rd4) 26. Qe2 $18 Rb5 (26... Nxe4 $16 27. Bxe4 Bxe4 28. Qxe4 Kh8) 27. Rc1 Re8 28. Re3 Kh8 $2 {[#]} (28... Qd7 29. Nxc5 dxc5) 29. Nf6 $1 {[%mdl 512] Accuracy: White = 69%, Black = 44%.} 1-0

[Event "Icelandic Open 2019"]
[Site "Akureyri"]
[Date "2019.05.30"]
[Round "7.2"]
[White "Gislason, Gudmundur"]
[Black "Hillarp Persson, Tiger"]
[Result "1/2-1/2"]
[WhiteElo "2288"]
[BlackElo "2563"]
[Annotator "TA"]
[PlyCount "163"]
[EventDate "2019.05.25"]
[EventType "swiss"]
[EventCountry "ISL"]
[SourceTitle "playchess.com"]
[Source "ChessBase"]
[SourceQuality "1"]

{[%evp 14,163,8,10,11,-24,-11,-6,-16,-45,-37,-69,-67,-64,-37,-53,-49,-79,-61,-69,-58,-72,-57,-73,-71,-114,-68,-91,-74,-91,-80,-104,-110,-104,-72,-82,-69,-89,-95,-93,-100,-100,-97,-100,-75,-112,-106,-108,-106,-125,-98,-151,-158,-163,-141,-151,-131,-131,-109,-133,-66,-106,-106,-149,-111,-106,-43,-45,-37,-55,-38,-63,0,0,0,0,0,0,0,0,0,0,0,0,0,0,0,0,0,0,0,0,0,0,0,0,0,-16,-21,-16,-21,-21,-14,-30,0,0,0,0,1,-20,-12,-39,-8,-8,-8,-7,0,-8,0,0,0,0,0,0,-7,-3,0,0,0,0,0,0,0,0,8,8,43,31,75,0,8,8,12,8,8,8,8,0,0,0,8,0]} 1. Nf3 Nf6 2. c4 e6 3. g3 a6 4. Nc3 d5 5. cxd5 exd5 6. d4 Bd6 7. Bg2 O-O 8. O-O Nbd7 {A13: English Opening: 1...e6} 9. Nh4 c6 $146 ({Predecessor:} 9... Nb6 10. Qc2 Re8 11. e4 dxe4 12. Nxe4 Nxe4 13. Bxe4 h6 14. Bd2 c6 15. Rfe1 Be6 16. Nf5 {0-1 (42) McNab,C (2435)-King,D (2500) London 1989}) 10. Nf5 Bc7 11. Qc2 Re8 12. Bg5 h6 13. Bd2 Nf8 14. Rac1 Ne4 15. Ne3 {[%cal Rc3e4]} Nxd2 16. Qxd2 Nh7 17. Na4 Ng5 18. f4 Ne4 19. Qd3 Bd6 20. a3 a5 21. Nc3 {[%cal Rc3e4]} Nf6 22. Qd2 h5 23. Ned1 Bf5 24. Nf2 Qe7 25. Bf3 Qe3 26. Qxe3 Rxe3 27. Kg2 Rae8 28. h3 Bg6 29. Nfd1 R3e7 30. e3 Bd3 31. Re1 {[#]} h4 $1 {[%mdl 512]} 32. Rg1 ({White should try} 32. Be2 Bxe2 33. Nxe2) (32. gxh4 Bxf4) 32... hxg3 $17 33. Kxg3 Kh7 34. Kf2 Rh8 35. h4 Kg8 36. h5 Kh7 (36... Bf5 $17 37. Rg5 g6 38. hxg6 fxg6) 37. Ke1 Rhe8 38. Kd2 Bf5 39. Rg5 g6 (39... Bd7 $17 40. Rg2 b5) 40. hxg6+ $15 fxg6 41. Rg2 Kg7 42. Ne2 $1 Ne4+ (42... Bd7 $15) 43. Bxe4 $1 $11 Bxe4 44. Rg3 Bf5 45. Nf2 a4 46. Nd3 Bc7 47. Ne5 Ba5+ 48. Nc3 Rh8 {[#] Hoping for ...Rh2+.} 49. Rcg1 $1 {[%cal Re5g6]} Rh2+ 50. R1g2 Rxg2+ 51. Rxg2 Be4 52. Rh2 Rc7 53. Kc1 Bxc3 $1 54. bxc3 {[%mdl 4096] Endgame KRB-KRN} c5 55. Kb2 cxd4 56. exd4 Rc8 57. c4 dxc4 {And now ...c3+ would win.} 58. Kc3 Bd5 59. Rh3 Rf8 60. Rg3 Be4 61. Kxc4 Rxf4 62. Kc5 Rf1 63. Re3 Rc1+ 64. Kd6 Bf5 65. d5 Rb1 66. Nd7 Rb3 67. Re7+ Kh6 68. Nc5 $1 {[%cal Rc5b3]} Rxa3 {aiming for ...Ra1.} 69. Rxb7 Ra1 {...a3 is the strong threat.} 70. Ra7 a3 {Threatens to win with ...a2.} 71. Nb3 $1 {[%cal Rb3a1]} Rd1 72. Ke5 Re1+ 73. Kf6 Re4 74. Rxa3 Kh5 {With the idea ...Re3.} ({But not} 74... Re3 $6 75. Ra8 $16) 75. Nc5 Re1 76. Rg3 ({White should play} 76. Ne6 $16) 76... Kh4 {The position is equal.} 77. Rg2 Rf1 78. Ke5 Re1+ 79. Kf4 Rf1+ 80. Ke5 Re1+ 81. Kf4 Rf1+ 82. Ke5 {Accuracy: White = 60%, Black = 55%.} 1/2-1/2

[Event "Icelandic Open 2019"]
[Site "Akureyri"]
[Date "2019.05.30"]
[Round "7.3"]
[White "Stefansson, Hannes"]
[Black "Karlsson, Mikael Johann"]
[Result "1-0"]
[WhiteElo "2561"]
[BlackElo "2146"]
[Annotator "TA"]
[PlyCount "71"]
[EventDate "2019.05.25"]
[EventType "swiss"]
[EventCountry "ISL"]
[SourceTitle "playchess.com"]
[Source "ChessBase"]
[SourceQuality "1"]

{[%evp 17,75,54,67,59,85,80,80,79,87,77,112,77,215,198,233,216,264,231,240,0,256,219,307,251,233,354,357,332,505,477,471,475,532,529,818,677,774,759,770,732,733,721,718,598,610,506,479,331,591,563,739,753,781,770,1020,746,729,727,29995,29996]} 1. e4 c5 2. Nf3 Nc6 3. d4 cxd4 4. Nxd4 Qb6 5. Nb3 Nf6 6. Nc3 e6 7. Be3 Qc7 8. a3 a6 9. f4 d6 10. g4 {B33: Sicilian: Pelikan and Sveshnikov Variations} b5 11. g5 Nd7 12. h4 {White is better.} Bb7 13. h5 Nb6 14. Qf3 b4 {[#]} (14... Na4 $16) 15. axb4 $146 ({Predecessor:} 15. Qf2 bxc3 16. Bxb6 Qc8 17. bxc3 Be7 {1-0 (41) Bogner,S (2599)-Naiditsch,A (2702) Douglas 2017}) 15... Nxb4 {[#]} 16. Qf2 $1 Nc4 {[#]} 17. Bxc4 $1 Qxc4 18. Ra4 $2 ({White should play} 18. Na5 $18 Qc7 19. Bb6) 18... a5 $2 {[%mdl 8192]} (18... Qxb3 $1 $11 19. cxb3 Nd3+ 20. Ke2 Nxf2 21. Bxf2 (21. Kxf2 h6 $11) 21... Rd8) 19. Nxa5 Rxa5 (19... Qc8 $142 20. f5 exf5) 20. Rxa5 Bxe4 21. Nxe4 Nxc2+ 22. Kd1 Qxe4 (22... Qd3+ {keeps fighting.} 23. Bd2 Qxe4) 23. Rh3 Nb4 {intending ...Be7.} 24. Qe2 {Qb5+ would kill now.} f5 25. Bd2 Qb1+ 26. Bc1 Kf7 {[#] and the idea ...Na2 leaves Black hopeful.} 27. g6+ $1 {[%mdl 512]} Kf6 (27... hxg6 28. hxg6+) 28. Re3 {[%csl Ge2][%cal Re3e6]} hxg6 29. Rxe6+ Kf7 30. Rxg6 {[%csl Gg6][%cal Re2e6]} Qe4 31. Qxe4 fxe4 32. Ra7+ Kg8 $2 (32... Be7 {was called for.} 33. Bd2 Nc6) 33. Rg5 Rh6 34. Rf5 g6 35. hxg6 Nd3 {[#]} 36. Bd2 {Played: Ra7-a8} 1-0